[Event "1800-2200 Leisure RR"]
[Site "SchemingMind.com"]
[Date "2013.01.06"]
[Round "-"]
[White "PankracyRozumek"]
[Black "smothered mate"]
[Result "1-0"]
[WhiteCountry "POL"]
[BlackCountry "POL"]
[WhiteElo "1981"]
[WhiteRD "80"]
[BlackElo "1932"]
[BlackRD "64"]
[GameID "324277"]

1. c4 e6 2. g3 d5 3. Bg2 c5 4. Nf3 Nc6 5. cxd5 exd5 6. d4 c4 7. O-O Bb4 8. b3 Nge7 9. a3 Ba5 10. bxc4 dxc4
11. Qc2 Be6 12. Rd1 Nd5 13. Bb2 Rc8 14. Nc3 O-O 15. e3 Re8 16. Nxd5 Bxd5 17. Bc3 b5 18. Nd2 Bc7 19. e4 Ne7 20. exd5 Nxd5
21. Nf3 a5 22. Ne5 f6 23. Nc6 Qd6 24. Nxa5 Nxc3 25. Qxc3 Re2 26. Re1 Bxa5 27. Qxa5 Qxd4 28. Rxe2 Qxa1+ 29. Re1 Qb2 30. Bd5+ Kh8
31. Qb4 c3 32. Qe4 Qxa3 33. Qe8+ Qf8 34. Qxb5 c2 35. Rc1 Qa3 36. Qf1 h5 37. Be4 Qa4 38. Qe2 Qe8 39. Rxc2 Rxc2 40. Qxc2 h4
41. Qc6 Qd8 42. Qa8 Qxa8 43. Bxa8 g5 44. Be4 Kg7 45. Kg2 Kh6 46. Kh3 Kh5 47. Bf3+ Kh6 48. gxh4 Kg6 49. hxg5 Kxg5 50. Kg3 Kf5
51. Bc6 Kg5 52. f4+ Kh5 53. Bf3+ Kh6 54. Kg4 Kg6 55. Be4+ Kg7 56. Kf5 Kf7 57. Bd5+ Kg7 58. h3 Kh6 59. Kxf6 Kh7 60. f5 Kh8
61. Kf7 Kh7 62. f6 Kh8 63. Ke8
1-0

[Event "1800-2200 Leisure RR"]
[Site "SchemingMind.com"]
[Date "2013.01.06"]
[Round "-"]
[White "Buckaroo Bob"]
[Black "smothered mate"]
[Result "1-0"]
[WhiteCountry "USA"]
[BlackCountry "POL"]
[WhiteElo "2309"]
[WhiteRD "74"]
[BlackElo "1971"]
[BlackRD "63"]
[GameID "324278"]

1. c4 e6 2. Nf3 d5 3. d4 c5 4. cxd5 exd5 5. g3 c4 6. b3 Bb4+ 7. Bd2 Qe7 8. bxc4 dxc4 9. Qa4+ Nc6 10. d5 Bxd2+
11. Nbxd2 Qb4 12. Qc2 Na5 13. Rb1 Qc5 14. Ne4 Qxd5 15. Rb5 Qd8 16. Qc3 Nf6 17. Nxf6+ Qxf6 18. Qxf6 gxf6 19. Rxa5 b6 20. Ra3 a5
21. Re3+ Kf8 22. Rc3 Be6 23. Nd4 Bd5 24. f3 Rb8 25. e4
1-0

[Event "1800-2200 Leisure RR"]
[Site "SchemingMind.com"]
[Date "2013.01.06"]
[Round "-"]
[White "tyler_ensor"]
[Black "smothered mate"]
[Result "1-0"]
[WhiteCountry "CAN"]
[BlackCountry "POL"]
[WhiteElo "1985"]
[WhiteRD "79"]
[BlackElo "1931"]
[BlackRD "67"]
[GameID "324279"]

1. Nf3 d5 2. c4 e6 3. d4 c5 4. cxd5 exd5 5. g3 c4 6. Bg2 Bb4+ 7. Bd2 Bxd2+ 8. Qxd2 Ne7 9. Nc3 O-O 10. O-O Nbc6
11. Rfd1 Bf5 12. Nh4 Be6 13. e4 Rc8 14. f4 dxe4 15. d5 Qb6+ 16. Kh1 e3 17. Qe2 Nd4 18. Rxd4 Qxd4 19. dxe6 Nc6 20. exf7+ Rxf7
21. Rd1 Qb6 22. Bd5 Nb4 23. Bxf7+ Kxf7 24. Nf3 Nd3 25. Ne5+ Nxe5 26. fxe5 Kg8 27. Nd5 Qe6 28. Qxe3 h5 29. Nf4 Qc6+ 30. Kg1 Qh6
31. e6 h4 32. e7
1-0

[Event "1800-2200 Leisure RR"]
[Site "SchemingMind.com"]
[Date "2013.01.06"]
[Round "-"]
[White "Olli Ylönen"]
[Black "smothered mate"]
[Result "1-0"]
[WhiteCountry "FIN"]
[BlackCountry "POL"]
[WhiteElo "1847"]
[WhiteRD "58"]
[BlackElo "1946"]
[BlackRD "65"]
[GameID "324280"]

1. e4 c5 2. Nf3 d6 3. d4 cxd4 4. Nxd4 Nf6 5. Nc3 g6 6. Be3 Bg7 7. f3 a6 8. Qd2 Nbd7 9. Bc4 b5 10. Bb3 Bb7
11. O-O-O Rc8 12. Kb1 Nb6 13. Qf2 Qd7 14. Ndxb5 axb5 15. Bxb6 Rxc3 16. bxc3 O-O 17. e5 Nh5 18. exd6 Bxc3 19. dxe7 Qxe7 20. Bc5 Qc7
21. Bxf8 Kxf8 22. Rd3 b4 23. Qh4 Nf6 24. Qc4 Qe7 25. Rxc3 bxc3 26. Qxc3 Kg8 27. Re1 Qd8 28. Qb4 Bc8 29. Qe7
1-0

[Event "1800-2200 Leisure RR"]
[Site "SchemingMind.com"]
[Date "2013.01.06"]
[Round "-"]
[White "Vladimir2011"]
[Black "smothered mate"]
[Result "0-1"]
[WhiteCountry "BLR"]
[BlackCountry "POL"]
[WhiteElo "1975"]
[WhiteRD "94"]
[BlackElo "1932"]
[BlackRD "64"]
[GameID "324281"]

1. d4 d5 2. Bg5 Nf6 3. e3 c5 4. Bxf6 gxf6 5. dxc5 Qa5+ 6. Nc3 e6 7. a3 Qxc5 8. Qd4 Qxd4 9. exd4 Bh6 10. Nb5 Kd7
11. Bd3 Nc6 12. Nf3 a6 13. Nc3 Kd6 14. Na4 b5 15. Nb6 Rb8 16. Nxc8+ Rbxc8 17. c3 e5 18. Nh4 Ne7 19. Bf5 Rc7 20. Bd3 e4
21. Be2 f5 22. g3 f4 23. f3 f5 24. a4 Rg8 25. Ng2 b4 26. cxb4 Rc2 27. fxe4 fxg3 28. hxg3 Bd2+ 29. Kd1 Rxb2 30. e5+ Kd7
31. b5 Rxg3 32. bxa6 Rxg2 33. Bb5+ Ke6 34. a7 Bf4 35. a8=Q Rbd2+ 36. Ke1 Bg3+ 37. Kf1 Rdf2+ 38. Ke1 Ra2+
0-1

[Event "1800-2200 Leisure RR"]
[Site "SchemingMind.com"]
[Date "2013.01.06"]
[Round "-"]
[White "hymanroth"]
[Black "smothered mate"]
[Result "1-0"]
[WhiteCountry "CRO"]
[BlackCountry "POL"]
[WhiteElo "2244"]
[WhiteRD "98"]
[BlackElo "1932"]
[BlackRD "64"]
[GameID "324282"]

1. e4 c5 2. Nf3 d6 3. d4 cxd4 4. Nxd4 Nf6 5. Nc3 g6 6. Be3 Bg7 7. Qd2 a6 8. O-O-O Nbd7 9. f3 b5 10. g4 Bb7
11. Kb1 Rc8 12. h4 h5 13. g5 Nh7 14. Bh3 O-O 15. Nd5 e6 16. Nxe6 fxe6 17. Bxe6+ Kh8 18. Nf4 Be5 19. Nxg6+ Kg7 20. Nxe5 Nxe5
21. Qxd6 Qxd6 22. Rxd6 Nxf3 23. Rd7+
1-0